00719nam a2200193Ia 4500001015900000002005100159008003700210010001100247530002200258650001800280650002000298650001300318650002500331650003300356650001700389700004500406700003500451700003900486IA_Finally it was concluded that the installation and commissioning march of this project is technically, economically, socially and environmentally feasible.ESTUDIOS DE FACTIBILIDAD TECNICO-ECONOMICO PARA L220117s xx 000 0 und d a185595 aDisponible en PDF aDried fruit  aFood industry  aFresas  aFruta deshidratada  aIndustria de los alimentos  aStrawberries aEspejel Zaragoza, José Alfredo, asesor1 aMartínez Mosqueda, Francisco aRivera Salvador, Víctor, asesor